000 00812nam a22003017a 4500
001 BR7316259
003 BR-BrBNA
005 20230928093714.0
007 ta
008 230509b bl.||||| |||| 00| 0 por d
040 _aBR-BrBNA
_bpor
_cBiblioteca Nacional de Agricultura
041 _a(Por)
072 _aF01
_b1112
090 _ 1112 BR7316259
100 1 _aTeixeira, S.
100 1 _aVilela, M.R.
110 1 _aAssociacao de Credito e Assistencia Rural, Belo Horizonte, MG (Brasil)
_9511
245 1 _aProduza corretamente bananas
260 3 _aBelo Horizonte, MG (Brasil):
_c[nd].
300 _a12 p.
500 _aPublished after 1970
650 _aBANANA
650 _aPLANTIO
650 _aPRATICA CULTURAL
650 _aPRATICO
909 _a202309
_bLucia
_c55
_dLucia Elande
942 _cBK
999 _c46596
_d46596